Protecting the Rights of People with Autism in the Fields of Education and Employment: International, European and National Perspectives (Record no. 19851)

MARC details
000 -LEADER
fixed length control field 00764nam a2200121Ia 4500
008 - FIXED-LENGTH DATA ELEMENTS--GENERAL INFORMATION
fixed length control field 220616s9999||||xx |||||||||||||| ||und||
245 #0 - TITLE STATEMENT
Title Protecting the Rights of People with Autism in the Fields of Education and Employment: International, European and National Perspectives
546 ## - LANGUAGE NOTE
Language note English[eng]
650 ## - SUBJECT ADDED ENTRY--TOPICAL TERM
Topical term or geographic name entry element European Law||Human Rights||International and Comparative Education||Private International Law, International & Foreign Law, Comparative Law||Law and Psychology
700 ## - ADDED ENTRY--PERSONAL NAME
Personal name Della Fina, Valentina||Cera, Rachele
856 ## - ELECTRONIC LOCATION AND ACCESS
Uniform Resource Identifier <a href="https://library.oapen.org/bitstream/20.500.12657/27995/1/1002002.pdf||https://library.oapen.org/bitstream/20.500.12657/27995/1/1002002.pdf||https://library.oapen.org/bitstream/20.500.12657/27995/1/1002002.pdf">https://library.oapen.org/bitstream/20.500.12657/27995/1/1002002.pdf||https://library.oapen.org/bitstream/20.500.12657/27995/1/1002002.pdf||https://library.oapen.org/bitstream/20.500.12657/27995/1/1002002.pdf</a>
942 ## - ADDED ENTRY ELEMENTS (KOHA)
Koha item type E-Books
Holdings
Withdrawn status Lost status Damaged status Not for loan Home library Current library Date acquired Total Checkouts Date last seen Price effective from Koha item type
        Kerala University of Digital Sciences, Innovation and Technology Knowledge Centre Kerala University of Digital Sciences, Innovation and Technology Knowledge Centre 16/06/2022   16/06/2022 16/06/2022 E-Books